000 00471nam a22001817a 4500
003 MPLRDC
005 20220104193825.0
008 210129b ||||| |||| 00| 0 eng d
020 _a978-967-123-060-2
082 _a520.9386 WRG
100 _a王瑞国
245 _a马来西亚华文中学的改制与复兴
_c
250 _a初版
260 _a马来西亚
_b王瑞国
_c2014
300 _b
650 _a马来西亚华文教育
942 _cBK
_o520.9386 WRG
999 _c65389
_d65379